Haleluja : hebrejská řeč. Díl 1 /

Hlavní autor: Feder, Richard, 1875-1970
Jazyk: Čeština
Vydáno: Praha : Státní nakladatelství, 1936
Vydání: 4., přeprac. vyd.
Fyzický popis: 128 s.
Knihy
Uloženo v:
LEADER 00917nam a22002412a 4500
001 000064331
003 CZ BrMZK
005 20160126104336.0
007 ta
008 010907s1936 xr f cze d
015 |a cnb000743621 
035 |a (OCoLC)85538638 
040 |a BOA001  |b cze  |c BOA002 
100 1 |a Feder, Richard,  |d 1875-1970  |7 jk01030807  |4 aut 
245 1 0 |a Haleluja :  |b hebrejská řeč.  |n Díl 1 /  |c Richard Feder 
250 |a 4., přeprac. vyd. 
260 |a Praha :  |b Státní nakladatelství,  |c 1936 
300 |a 128 s. 
910 |a BOA001  |b PK-II-0011.607,1  |b 2-0142.940,1 
990 |a BK 
996 7 |b 2610655166  |c PK-II-0011.607,1  |l MZK  |r Sklad / do 1 hodiny  |n 0  |w 000064331  |u 000050  |a 1  |e BOA001  |j MZK50  |s A 
996 7 |b 2619625432  |c 2-0142.940,1  |l MZK  |r Sklad / do 24 hodin  |n 0  |w 000064331  |u 000030  |a 1  |e BOA001  |j MZK50  |s A 
996 6 |b BC-1620778  |c 2-0142.940,1  |l MZK  |r Sklad / do 24 hodin  |n 0  |w 000064331  |u 000040  |a 1  |e BOA001  |j MZK50  |s P